Inventarios Manejo y control

Detalles Bibliográficos
Autor principal: Guerrero Salas, Humberto
Formato: eBook
Lenguaje:español
Publicado: Bogot ̀: ECOE, 2011
Materias:
Acceso en línea:http://www.vlex.com/source/6865

MARC

LEADER 00000nam a22000007a 4500
005 20130121164048.0
007 cr|||| ||||
008 130121e2011 ck |||||s|||| 00||0 spa d
020 |a 9586485838 
035 |a 6865 
040 |a vLex 
090 |c 3565  |d 3565 
100 1 0 |a Guerrero Salas, Humberto 
245 1 0 |a Inventarios  |b Manejo y control  |h [Recurso electrn̤ico] 
256 |a Servicio en ln̕ea 
260 |a Bogot ̀:  |b ECOE,  |c 2011  
300 |a 1 Recurso electrn̤ico 
650 0 4 |a Herencia y sucesin̤  |z Colombia 
650 0 4 |a Derecho civil  |z Colombia 
740 |a vLex Libros (Servicio en ln̕ea) 
856 |a Acceso restringido  |u http://www.vlex.com/source/6865 
942 |c BOOK 
999 0 |a Inheritance and succession